• 首页
  • 本馆介绍
  • 公告通知
  • 最新文献
  • 馆藏检索
  • 电子资源
  • 读者导购
  • 参考咨询
  • 我的图书馆
  • 登录
  • 详细信息显示
  • 放入我的书架
  • 预约/预借图书
  • 作者相关作品
  • 分类相关作品
  • 丛书相关作品
  • 出版社相关作品

书目信息

  • 表格格式
  • 工作单格式
  • 卡片格式
题名:
论坛与点评
    
 
作者: 刘二伟 主编
分册:  
出版信息: 北京   人民出版社  2014
页数: 252页
开本: 24cm
丛书名:
单 册:
中图分类: D632.8
科图分类:
主题词: 信访工作--Xin Fang Gong Zuo--研究--中国 , 研究--Yan Jiu , 中国--Zhong Guo
电子资源:
ISBN: 978-7-01-014097-1
000 01114nam0 22002771 450
001 350860
005 20161011142759.92
010    @a978-7-01-014097-1@dCNY48.00
100    @a20150123d2014 em y0chiy50 ea
101 0  @achi
102    @aCN@b110000
105    @ay z 000yy
106    @ar
200 1  @a论坛与点评@ALun Tan Yu Dian Ping@e社会转型进程中的中国信访@f刘二伟主编
210    @a北京@c人民出版社@d2014
215    @a252页@d24cm
300    @a首都社会建设与社会协同创新成果
330    @a本书整理了三年来研究中国未来的历次论坛中的主题发言和专家点评,论坛主题包括中东地区社会动荡的思考与启示、“十二五”期间北京市社会矛盾发展趋势预测、社会管理创新视角下的群众工作、群众工作与信访工作、国际形势与国内社会矛盾、信访工作的创新发展、从信访角度看依法行政等。
517 1  @a社会转型进程中的中国信访@AShe Hui Zhuai Xing Jin Cheng Zhong De Zhong Guo Xin Fang
606 0  @a信访工作@AXin Fang Gong Zuo@x研究@y中国
606 0  @a研究@AYan Jiu
606 0  @a中国@AZhong Guo
690    @aD632.8@v5
701  0 @a刘二伟@ALiu Er Wei@4主编
801  0 @aCN@bTANGWEI@c20160808
905    @b0892145-9@dD632.8@e246@f5
    
    论坛与点评:社会转型进程中的中国信访/刘二伟主编 .-北京:人民出版社,2014
    252页;24cm
    首都社会建设与社会协同创新成果
    
    ISBN 978-7-01-014097-1:CNY48.00
    本书整理了三年来研究中国未来的历次论坛中的主题发言和专家点评,论坛主题包括中东地区社会动荡的思考与启示、“十二五”期间北京市社会矛盾发展趋势预测、社会管理创新视角下的群众工作、群众工作与信访工作、国际形势与国内社会矛盾、信访工作的创新发展、从信访角度看依法行政等。
●
相关链接 在E读中查询图书 在五车中查询图书 在当当中查询图书 在豆瓣中查询图书


正题名:论坛与点评     索取号:D632.8/246         预约/预借

序号 登录号 条形码 馆藏地/架位号 状态 备注
1 0892145   208921452   第一样本阅览室/ [索取号:D632.8/246] 在馆    
2 0892146   208921461   第一借阅区/ [索取号:D632.8/246] 在馆    
3 0892147   208921470   第一借阅区/ [索取号:D632.8/246] 在馆    
4 0892148   208921489   第一借阅区/ [索取号:D632.8/246] 在馆    
5 0892149   208921498   第一借阅区/ [索取号:D632.8/246] 在馆    
唐山师范学院图书馆 欢迎您!
大连网信软件有限公司© 版权所有